Modes of Music - Statistics

General Stats
  • This quiz has been taken 137 times
  • The average score is 4 of 7
Answer Stats
Hint Answer % Correct
2nd Dorian
83%
4th Lydian
77%
1st (Traditional Major) Ionian
69%
3rd Phrygian
64%
6th (Traditional Minor) Aeolian
56%
7th Locrian
42%
5th Myxolydian
17%
No matching quizzes found
Score Distribution
Percent of People with Each Score
Percentile by Number Answered
Your Score History
You have not taken this quiz